000 00429nam a2200169 a 4500
001 1757826842833
003 YourLibrary
005 20250915121513.0
008 250914s1954##################000#0#eng##
020 _a9780691097619
082 0 4 _a150.195
_bJUN
100 1 _aJung, Carl Gustav,
_eauthor.
245 1 0 _aDevelopment of Personality :
260 _c1954.
942 _cENGLISH
040 _aYourLibrary
_beng
_cYourLibrary
999 _c587072
_d587072